Normal view
MARC view
- اللصاصة،محمد حرب مؤلف/محمد،أحمد عبد الكريم م.مشارك/العمرو،إسماعيل بن إبراهيم الذويبي م.مشارك
Entry Personal Name
001 - CONTROL NUMBER
- control field: 30370
003 - CONTROL NUMBER IDENTIFIER
- control field: JO-AjAnu
005 - DATE AND TIME OF LATEST TRANSACTION
- control field: 20230606075126.0
008 - FIXED-LENGTH DATA ELEMENTS
- fixed length control field: 230606|| aca||aabn | a|a d
040 ## - CATALOGING SOURCE
- Original cataloging agency: JO-AjAnu
- Transcribing agency: JO-AjAnu
100 ## - HEADING--PERSONAL NAME
- Personal name: اللصاصة،محمد حرب مؤلف/محمد،أحمد عبد الكريم م.مشارك/العمرو،إسماعيل بن إبراهيم الذويبي م.مشارك
670 ## - SOURCE DATA FOUND
- Source citation: Work cat.: (JO-AjAnu)15598: اللصاصة،محمد حرب مؤلف/محمد،أحمد عبد الكريم م.مشارك/العمرو،إسماعيل بن إبراهيم الذويبي م.مشارك, author, طرائق التدريس العامة:سلسة تطوير أداء المعلمين